| Поле | Название | Значение |
| |
Тип записи |
a |
| |
Библиографический уровень |
m |
| 001 |
Контрольный номер |
6c7b87ec993a4f61be67949cf7539326 |
| 005 |
Дата корректировки |
20210621150502.4 |
| 010 |
Индекс ISBN |
__ |
| a |
ISBN |
978-5-00139-099-2 |
| d |
Цена |
231-00 |
| 100 |
Данные общей обработки |
__ |
| a |
Данные общей обработки |
20210526d2021####ma#y0rusy50######ca |
| 101 |
Язык документа |
0_ |
| a |
Язык текста |
rus |
| 102 |
Страна публикации |
__ |
| a |
Страна публикации |
RU |
| 200 |
Заглавие и сведения об ответственности |
1_ |
| a |
Заглавие |
Быстрый ум |
| e |
Сведения, относящиеся к заглавию |
как забывать лишнее и помнить нужное |
| f |
Первые сведения об ответственности |
Марк Байстер и Кристин Лоберг |
| g |
Последующие сведения об ответственности |
перевод с английского Наталья Лисова |
| g |
Последующие сведения об ответственности |
редактор Роза Пискотина |
| 210 |
Выходные данные |
1_ |
| a |
Место издания |
Москва |
| c |
Издательство |
Альпина нон-фикшн |
| d |
Дата издания |
2021 |
| 215 |
Физическое описание |
__ |
| a |
Объем |
414, [1] с. |
| 225 |
Серия (Журнальная рубрика) |
2_ |
| a |
Серия (Журнальная рубрика) |
Альпина: саморазвитие |
| 330 |
Аннотация |
__ |
| a |
Аннотация |
Книга по развитию интуиции и тренировке памяти, а также прокачке сообразительности и ловкости ума. Состоит из разного рода задачек, сопровождающихся большим количеством мотивирующих абзацев и разнообразными жизненными историями. Овладев материалом книги, вы сможете освоить в жизни все что угодно, от иностранных языков до музыки, от кулинарии до умения вести переговоры, общаться и даже налаживать отношения с окружающими. |
| 333 |
Примечание о целевом назначении |
__ |
| a |
Примечание о целевом назначении |
0+ |
| 454 |
Оригинал |
_0 |
| 1 |
|
2001 |
| a |
|
The power of forgetting |
| 606 |
Тематические рубрики |
__ |
| a |
Основная рубрика |
Психология |
| 606 |
Тематические рубрики |
__ |
| a |
Основная рубрика |
Психические процессы |
| 610 |
Ключевые слова |
0_ |
| a |
Ключевые слова |
умственные способности |
| a |
Ключевые слова |
развитие памяти |
| a |
Ключевые слова |
тренировка памяти |
| a |
Ключевые слова |
гениальность |
| a |
Ключевые слова |
развитие интеллекта |
| a |
Ключевые слова |
развитие интуиции |
| a |
Ключевые слова |
память |
| a |
Ключевые слова |
интеллект |
| 686 |
Индексы других классификаций |
__ |
| a |
Индекс ББК |
88.25 |
| 700 |
Автор |
_1 |
| a |
Фамилия |
Байстер |
| b |
Имя |
М. |
| g |
Полное личное имя |
Майк |
| 701 |
Альтернативная интеллектуальная ответственность (другие авторы) |
_1 |
| a |
Фамилия |
Лоберг |
| b |
Имя |
К. |
| g |
Полное личное имя |
Кристин |
| 702 |
Вторичная интеллектуальная ответственность |
_1 |
| a |
Фамилия |
Лисова |
| b |
Имя |
Н. |
| g |
Полное личное имя |
Наталья |
| 801 |
Источник записи |
_0 |
| a |
Страна |
RU |
| b |
Организация |
Центральная районная библиотека им. Г. А. Пирожникова |
| c |
Дата составления |
20210526 |
| g |
Правила каталогизации |
bzbo |
| 801 |
Источник записи |
_1 |
| a |
Страна |
RU |
| b |
Организация |
Центральная районная библиотека им. Г. А. Пирожникова |
| c |
Дата составления |
20210526 |
| g |
Правила каталогизации |
bzbo |
| 852 |
Данные о местонахождении |
__ |
| j |
Шифр хранения |
88.25 |
| i |
Авторский знак |
Б 18 |
| 901 |
Тип документа |
__ |
| t |
Тип документа |
m |
| 902 |
Роль лиц |
__ |
| a |
Создатель БЗ |
ОКиО/Шумских |